| 000 | 00342nam a22001337a 4500 | ||
|---|---|---|---|
| 008 | 170620b xxu||||| |||| 00| 0 eng d | ||
| 020 | _a9780742519145 | ||
| 041 | _aeng | ||
| 080 | _a32 | ||
| 100 | _a20 | ||
| 101 | _aSHP | ||
| 245 |
_aSURSPASSING REALISM THE POLITICS OF EUROPEAN INTEGRATION SINCE 1945 _cGILBERT.M |
||
| 942 |
_2udc _cBK |
||
| 999 |
_c18273 _d18273 |
||